|
|
|
|
| LEADER |
00000nab a2200000 a 4500 |
| 001 |
vtls000018408 |
| 003 |
SK-MaSNL |
| 005 |
20260304073403.0 |
| 008 |
250422c1977 xo 0 slo |
| 015 |
|
|
|a SNBRB19rr/mm-uuuuu
|
| 035 |
|
|
|a CL0028502
|
| 035 |
|
|
|a (urnnbn)urn:nbn:sk:snk:ar-003ewe
|
| 035 |
|
|
|a (uuid)9baca3ee-35b2-4c08-b6b8-b610c5f3039d
|
| 035 |
|
|
|a urn:nbn:sk:snk-ab7t5n
|
| 040 |
|
|
|a SNKBUCL
|b slo
|c SNKBUCL
|e AACR2
|
| 041 |
0 |
|
|a slo
|
| 044 |
|
|
|a xo
|c SK
|
| 080 |
|
|
|a 665
|2 1981
|
| 080 |
|
|
|a 674
|2 1981
|
| 100 |
1 |
|
|a Komora, František
|4 aut
|9 279925
|
| 245 |
1 |
0 |
|a Vplyv umelého starnutia na chemické zloženie kreozotového oleja
|c František Komora, Karol Eisner
|
| 300 |
|
|
|b Tb. 10. Res. rus., nem., angl.
|
| 650 |
0 |
7 |
|a impregnované drevo
|2 snkbucl
|9 1298073
|
| 650 |
0 |
7 |
|a dechtové oleje
|2 snkbucl
|9 621182
|
| 655 |
|
7 |
|a články z novín a časopisov
|2 snkbucl
|9 267496
|
| 700 |
1 |
|
|a Eisner, Karel,
|d 1908-1981
|4 aut
|9 179842
|
| 773 |
0 |
|
|t Drevársky výskum
|g Roč. 22, č. 4 (1977), s. 277-292
|
| 850 |
|
|
|a Slovenská národná knižnica
|
| 852 |
|
|
|a Slovenská národná knižnica
|
| 954 |
|
|
|a odborná, vedecká literatúra pôvodná (slovenská)
|2 lita
|
| 958 |
|
|
|a article9
|
| 958 |
|
|
|a OND
|
| 958 |
|
|
|a RK
|
| 958 |
|
|
|a EUIPO
|
| 992 |
|
|
|a RBX
|
| 999 |
|
|
|c 2771213
|d 2773143
|